[Event "Sao Paulo ECP op 5th"]
[Site "Sao Paulo"]
[Date "2019.11.30"]
[Round "4"]
[White "Dattoli, Micael Cimet"]
[Black "Hara, Lucas Arjona de And"]
[Result "0-1"]
[WhiteElo "1497"]
[BlackElo "1686"]
[PlyCount "58"]
[EventDate "2019.11.29"]
[EventType "swiss"]
[EventRounds "6"]
[EventCountry "BRA"]
[SourceTitle "CBM 193 Extra"]
[Source "ChessBase"]
[SourceDate "2020.01.31"]
[SourceVersion "1"]
[SourceVersionDate "2020.01.31"]
[SourceQuality "1"]

1. e4 c5 2. Nf3 d6 3. d4 cxd4 4. Nxd4 Nf6 5. Nc3 a6 6. Bg5 e6 7. Qf3 Be7 8. 0-0-0 Nbd7 9. Be2 Qc7 10. Qg3 b5 11. Bxf6 Bxf6 12. Ndxb5 axb5 13. Nxb5 Qc5 14. Qxd6 Qxd6 15. Nxd6+ Ke7 16. a3 Ba6 17. c4 Nc5 18. f4 Nb3+ 19. Kb1 Nd4 20. Bf1 Kxd6 21. e5+ Bxe5 22. fxe5+ Kxe5 23. b4 Nf5 24. Kb2 Rhd8 25. Re1+ Kf6 26. Be2 Rd2+ 27. Kc3 Ra2 28. Kb3 Rxe2 29. Rxe2 Nd4+ 0-1

[Event "Sao Paulo ECP op 5th"]
[Site "Sao Paulo"]
[Date "2019.11.29"]
[Round "2"]
[White "Dos Santos, Lucas Carvalho Ribe"]
[Black "Hara, Lucas Arjona de And"]
[Result "1-0"]
[WhiteElo "1536"]
[BlackElo "1686"]
[PlyCount "61"]
[EventDate "2019.11.29"]
[EventType "swiss"]
[EventRounds "6"]
[EventCountry "BRA"]
[SourceTitle "CBM 193 Extra"]
[Source "ChessBase"]
[SourceDate "2020.01.31"]
[SourceVersion "1"]
[SourceVersionDate "2020.01.31"]
[SourceQuality "1"]

1. e4 c5 2. Nf3 d6 3. d4 cxd4 4. Nxd4 Nf6 5. Nc3 a6 6. Bg5 e6 7. f4 Qb6 8. Qd2 Qxb2 9. Rb1 Qa3 10. Rb3 Qa5 11. Bd3 Be7 12. Nf3 Nc6 13. 0-0 0-0 14. Re1 b5 15. a3 Bb7 16. Reb1 Rac8 17. Bxb5 axb5 18. Rxb5 Qa7+ 19. Kh1 Ba8 20. Bh4 Qxa3 21. Qd1 Na7 22. R5b3 Qc5 23. Bf2 Qc7 24. Ra1 Nc6 25. Nb5 Qd8 26. Nxd6 Bxd6 27. e5 Bxe5 28. fxe5 Nd5 29. Rd3 Qe7 30. c4 Nf4 31. Rd6 1-0

[Event "Sao Paulo op-C U1700 8th"]
[Site "Sao Paulo"]
[Date "2019.10.19"]
[Round "4"]
[White "Hara, Lucas Arjona de And"]
[Black "Dos Santos, Lucas Carvalho Ribe"]
[Result "1-0"]
[WhiteElo "1666"]
[BlackElo "1553"]
[PlyCount "121"]
[EventDate "2019.10.17"]
[EventType "swiss"]
[EventRounds "6"]
[EventCountry "BRA"]
[SourceTitle "CBM 192 Extra"]
[Source "Chessbase"]
[SourceDate "2019.11.06"]
[SourceVersion "1"]
[SourceVersionDate "2019.11.06"]
[SourceQuality "1"]

1. d4 e6 2. c4 f5 3. g3 Nf6 4. Bg2 c6 5. Nh3 d5 6. 0-0 Be7 7. Nd2 0-0 8. Nf3 h6 9. Nf4 Bd6 10. c5 Bc7 11. b4 Kh7 12. a4 b6 13. b5 bxc5 14. Ba3 Re8 15. Bxc5 Ne4 16. Nd3 Nd7 17. bxc6 Ndxc5 18. Nxc5 Nxc5 19. dxc5 e5 20. Nd2 Ba6 21. Nb1 e4 22. Bh3 Qf6 23. Na3 g5 24. Nb5 Be5 25. Rb1 g4 26. Bg2 Qxc6 27. Qc2 Rac8 28. Rfc1 Re7 29. Qd2 Rb7 30. Nxa7 Rxa7 31. Rb6 Qe8 32. Qxh6+ Kg8 33. Rxa6 Rxa6 34. Qxa6 Ra8 35. Qb5 Qxb5 36. axb5 Kf7 37. e3 Ke7 38. Bf1 Kd7 39. Kg2 Rc8 40. c6+ Kc7 41. h3 Bd6 42. hxg4 fxg4 43. Be2 Rg8 44. Rh1 Rg7 45. Rh5 Re7 46. Bxg4 Be5 47. Be2 Kb6 48. g4 Kc5 49. g5 Rg7 50. Kf1 d4 51. exd4+ Bxd4 52. g6+ Kd6 53. Rg5 Bb6 54. Kg2 Ke6 55. Kg3 Kf6 56. Kg4 Rxg6 57. Rxg6+ Kxg6 58. Kf4 Kf6 59. Kxe4 Ke6 60. f4 Kd6 61. Kf5 1-0

[Event "Sao Paulo STD Gansl op"]
[Site "Sao Paulo"]
[Date "2019.05.24"]
[Round "1"]
[White "Ferreira, Wagner Maria Gangin"]
[Black "Hara, Lucas Arjona de And"]
[Result "0-1"]
[WhiteElo "1206"]
[BlackElo "1639"]
[PlyCount "82"]
[EventDate "2019.05.24"]
[EventType "swiss"]
[EventRounds "6"]
[EventCountry "BRA"]
[SourceTitle "CBM 190 Extra"]
[Source "ChessBase"]
[SourceDate "2019.07.15"]
[SourceVersion "1"]
[SourceVersionDate "2019.07.15"]
[SourceQuality "1"]

1. d4 Nf6 2. Nf3 e6 3. Bf4 c5 4. e3 d5 5. c3 Nc6 6. Nbd2 Be7 7. h3 0-0 8. Bd3 c4 9. Bc2 b5 10. 0-0 a5 11. Re1 b4 12. e4 h6 13. e5 Nh7 14. Qb1 Ng5 15. Nxg5 hxg5 16. Bh2 bxc3 17. bxc3 Rb8 18. Qd1 Rb2 19. a3 Qb6 20. Rb1 g6 21. Rxb2 Qxb2 22. Qb1 Bxa3 23. Qxb2 Bxb2 24. Nb1 Bd7 25. Ba4 Rb8 26. g4 Rb7 27. Kg2 Nb8 28. Bxd7 Nxd7 29. f4 gxf4 30. Bxf4 Rb3 31. Bd2 a4 32. h4 a3 33. Nxa3 Rxa3 34. Bc1 Bxc1 35. Rxc1 Nb6 36. Kf3 Na4 37. Kf4 Nxc3 38. Kg5 Ne2 39. Rb1 Nxd4 40. Kh6 Rb3 41. Ra1 Rb8 0-1

[Event "Sao Paulo Schutt op 14th"]
[Site "Sao Paulo"]
[Date "2017.09.15"]
[Round "2"]
[White "Hoshino, Karen M"]
[Black "Hara, Lucas Arjona de And"]
[Result "1-0"]
[WhiteElo "1928"]
[BlackElo "1580"]
[PlyCount "55"]
[EventDate "2017.09.15"]
[EventType "swiss"]
[EventRounds "6"]
[EventCountry "BRA"]
[SourceTitle "CBM 180 Extra"]
[Source "ChessBase"]
[SourceDate "2017.10.06"]
[SourceVersion "1"]
[SourceVersionDate "2017.10.06"]
[SourceQuality "1"]

1. d4 Nf6 2. c4 c5 3. d5 e5 4. Nc3 d6 5. Qc2 Be7 6. e3 Nbd7 7. Bd3 Nf8 8. Nge2 Ng6 9. Bd2 0-0 10. 0-0-0 Rb8 11. f3 a6 12. h4 Re8 13. h5 Nf8 14. g4 N6d7 15. Ng3 Qc7 16. f4 b5 17. g5 f6 18. h6 g6 19. f5 gxf5 20. Nxf5 e4 21. Bxe4 Ne5 22. Ng7 Bd7 23. gxf6 Bxf6 24. Rdg1 Bxg7 25. Bxh7+ Nxh7 26. Rxg7+ Kf8 27. Rf1+ Bf5 28. Qxf5+ 1-0